| 000 | 00711pam a2200217 4500 | ||
|---|---|---|---|
| 001 | 570 | ||
| 003 | OCoLC | ||
| 005 | 20181127161650.0 | ||
| 008 | 041207s2005 nyu b 001 0 eng | ||
| 010 | _a2004065478 | ||
| 020 | _a006073132X | ||
| 100 | 1 | _aLevitt, Steven D. | |
| 245 | 1 | 0 |
_aFreakonomics : _ba rogue economist explores the hidden side of everything / _cSteven D. Levitt and Stephen J. Dubner. |
| 250 | _a1st ed. | ||
| 260 |
_aNew York : _bWilliam Morrow, _cc2005. |
||
| 300 |
_axii, 242 p. ; _c24 cm. |
||
| 504 | _aIncludes bibliographical references (p. [209]-230) and index. | ||
| 650 | 0 |
_aEconomics _xPsychological aspects. |
|
| 650 | 0 |
_aEconomics _xSociological aspects. |
|
| 700 | 1 | _aDubner, Stephen J. | |
| 999 |
_c433 _d433 |
||